[Event "WC-2013-T-00002"]
[Site "LSS email"]
[Date "2011.12.24"]
[Round "?"]
[White "Bubir, Alex Nikolaevich"]
[Black "Grima, Noel"]
[Result "1/2-1/2"]
[WhiteElo "2431"]
[BlackElo "2219"]
[PlyCount "65"]
[EventDate "2011.12.28"]
[EventType "tourn (corr)"]
[EventRounds "12"]
[EventCountry "GER"]
[SourceTitle "Telechess CBM 167"]
[Source "ChessBase"]
[SourceDate "2015.07.13"]
[SourceVersion "1"]
[SourceVersionDate "2015.07.13"]
[SourceQuality "1"]

1. e4 c5 2. Nf3 d6 3. d4 cxd4 4. Nxd4 Nf6 5. Nc3 a6 6. Be3 Ng4 7. Bg5 h6 8. Bh4 g5 9. Bg3 Bg7 10. h3 Ne5 11. Nf5 Bxf5 12. exf5 Nbc6 13. Nd5 e6 14. fxe6 fxe6 15. Ne3 Qa5+ 16. c3 Nf3+ 17. Qxf3 Bxc3+ 18. Kd1 Qa4+ 19. Nc2 Bxb2 20. Rc1 Rc8 21. Bd3 Rf8 22. Qg4 Nd4 23. Re1 Qxa2 24. Re4 Bxc1 25. Rxd4 Bf4 26. Bxf4 Rxf4 27. Rxf4 gxf4 28. Qg8+ Kd7 29. Qf7+ Kd8 30. Qf8+ Kd7 31. Qf7+ Kd8 32. Qf8+ Kd7 33. Qf7+ 1/2-1/2

[Event "WC-2013-T-00002"]
[Site "LSS email"]
[Date "2011.12.24"]
[Round "?"]
[White "Grima, Noel"]
[Black "Noble, Mark Frederick"]
[Result "1/2-1/2"]
[WhiteElo "2219"]
[BlackElo "2396"]
[PlyCount "83"]
[EventDate "2011.12.28"]
[EventType "tourn (corr)"]
[EventRounds "12"]
[EventCountry "GER"]
[SourceTitle "Telechess CBM 167"]
[Source "ChessBase"]
[SourceDate "2015.07.13"]
[SourceVersion "1"]
[SourceVersionDate "2015.07.13"]
[SourceQuality "1"]

1. Nf3 d5 2. d4 Nf6 3. c4 c6 4. Nc3 e6 5. Bg5 dxc4 6. e4 b5 7. e5 h6 8. Bh4 g5 9. Nxg5 hxg5 10. Bxg5 Nbd7 11. g3 Bb7 12. Bg2 Qb6 13. exf6 0-0-0 14. 0-0 c5 15. d5 b4 16. Na4 Qb5 17. a3 Nb8 18. axb4 cxb4 19. Qg4 Bxd5 20. Rfc1 Nc6 21. Bxd5 Rxd5 22. Rxc4 Rxg5 23. Qd4 Kb8 24. Rxc6 Rxg3+ 25. fxg3 Qxc6 26. Rd1 Qc7 27. b3 Kc8 28. Qe3 Kb8 29. Qd2 Bc5+ 30. Nxc5 Qxc5+ 31. Qd4 Qc3 32. Qxc3 bxc3 33. Rc1 Rc8 34. Kf2 Rc5 35. Ke2 Kc7 36. g4 Kd6 37. Kd3 Ke5 38. g5 Kf5 39. h4 Kg4 40. Rxc3 Rd5+ 41. Ke4 Rf5 42. Rc7 1/2-1/2

[Event "IECG WC.2012.S.00001 email"]
[Site "IECG email"]
[Date "2009.07.18"]
[Round "?"]
[White "Mauro, Lucio"]
[Black "Grima, Noel"]
[Result "1/2-1/2"]
[WhiteElo "2240"]
[BlackElo "2155"]
[PlyCount "70"]
[EventDate "2009.07.18"]
[EventType "tourn (corr)"]
[EventRounds "10"]
[SourceTitle "Corr 2024"]
[Source "ChessBase"]
[SourceDate "2023.10.19"]
[SourceVersion "1"]
[SourceVersionDate "2023.10.19"]
[SourceQuality "1"]

1. e4 e5 2. Nf3 Nf6 3. Nxe5 Nxe4 4. Qe2 Qe7 5. Qxe4 d6 6. d4 dxe5 7. dxe5 Nc6 8. Bb5 Bd7 9. Nc3 Qb4 10. Bc4 0-0-0 11. a3 Qa5 12. Bxf7 Nxe5 13. b4 Bxb4 14. Qxb4 Qxb4 15. axb4 Nxf7 16. Rxa7 Bf5 17. Ra2 Rd4 18. b5 Re8+ 19. Be3 Kd7 20. Ke2 Nd6 21. h3 Rc4 22. Kd2 Ke6 23. Rd1 Rd8 24. Ne2 Nxb5+ 25. Ke1 Re8 26. Ra5 c6 27. Rd2 Bxc2 28. Rxb5 cxb5 29. Rxc2 Rxc2 30. Nd4+ Kd5 31. Nxc2 Kc4 32. Kd1 b4 33. Kc1 b3 34. Nd4 Ra8 35. Kb1 g6 1/2-1/2

[Event "IECG WC.2012.S.00001 email"]
[Site "IECG email"]
[Date "2009.07.18"]
[Round "?"]
[White "Pecha, Martin"]
[Black "Grima, Noel"]
[Result "1-0"]
[WhiteElo "2373"]
[BlackElo "2155"]
[PlyCount "73"]
[EventDate "2009.07.18"]
[EventType "tourn (corr)"]
[EventRounds "10"]
[SourceTitle "Corr 2024"]
[Source "ChessBase"]
[SourceDate "2023.10.19"]
[SourceVersion "1"]
[SourceVersionDate "2023.10.19"]
[SourceQuality "1"]

1. e4 e5 2. Nf3 Nf6 3. Nxe5 Nxe4 4. Qe2 Qe7 5. Qxe4 d6 6. d4 dxe5 7. dxe5 Nc6 8. Bb5 Bd7 9. Nc3 Qb4 10. Bc4 0-0-0 11. a3 Qa5 12. Bxf7 Nxe5 13. b4 Bxb4 14. Qxb4 Qxb4 15. axb4 Nxf7 16. Rxa7 Bf5 17. 0-0 Bxc2 18. Bf4 Rd4 19. g3 Rhd8 20. Rc1 Bb3 21. b5 g5 22. Be3 Rd3 23. b6 c6 24. h4 Re8 25. hxg5 Nd6 26. Bf4 Nc4 27. f3 Nxb6 28. Ne4 Re7 29. Rb1 c5 30. Nd6+ Kd8 31. Nxb7+ Ke8 32. g6 hxg6 33. Nd6+ Rxd6 34. Rxe7+ Kxe7 35. Bxd6+ Kxd6 36. Rxb3 Nd5 37. Kf2 1-0

[Event "CFriend CP-2005-P-00009"]
[Site "Chessfriend.com"]
[Date "2005.10.01"]
[Round "1"]
[White "Grima, Noel"]
[Black "Maset, Antonio Roberto"]
[Result "0-1"]
[WhiteElo "2168"]
[BlackElo "1934"]
[PlyCount "36"]
[EventDate "2005.??.??"]
[EventType "tourn (corr)"]
[EventRounds "4"]
[SourceTitle "Corr 2008"]
[Source "ChessBase"]
[SourceDate "2008.06.24"]
[SourceVersion "1"]
[SourceVersionDate "2008.06.24"]
[SourceQuality "1"]

1. Nc3 d5 2. e4 dxe4 3. Nxe4 e6 4. d4 Nd7 5. Nf3 Ngf6 6. Nxf6+ Nxf6 7. c3 c5 8. Ne5 a6 9. Bg5 cxd4 10. Qa4+ Bd7 11. Qxd4 Be7 12. 0-0-0 Bb5 13. Bxb5+ axb5 14. Qxd8+ Bxd8 15. Kc2 Nd5 16. Bxd8 Rxd8 17. Rhe1 Ke7 18. Rd4 Rd6 0-1

[Event "IECG TE.2005.P.01837 email"]
[Site "IECG email"]
[Date "2005.03.24"]
[Round "2"]
[White "Grima, Noel"]
[Black "Rogers, Henry"]
[Result "0-1"]
[WhiteElo "2160"]
[BlackElo "784"]
[PlyCount "26"]
[EventDate "2005.03.24"]
[EventType "tourn (corr)"]
[EventRounds "4"]
[SourceTitle "Corr 2024"]
[Source "ChessBase"]
[SourceDate "2023.10.19"]
[SourceVersion "1"]
[SourceVersionDate "2023.10.19"]
[SourceQuality "1"]

1. d4 Nf6 2. c4 c5 3. d5 b5 4. Nf3 b4 5. a3 Na6 6. axb4 cxb4 7. Be3 e6 8. Bg5 h6 9. Bh4 Bc5 10. e3 0-0 11. Bd3 exd5 12. cxd5 Nc7 13. e4 d6 0-1

[Event "CFriend WC-2009-P-00005"]
[Site "Chessfriend.com"]
[Date "2005.02.28"]
[Round "1"]
[White "Grima, Noel"]
[Black "Vidalina, Franjo"]
[Result "1/2-1/2"]
[WhiteElo "2168"]
[BlackElo "2306"]
[PlyCount "60"]
[EventDate "2005.??.??"]
[EventType "tourn (corr)"]
[EventRounds "6"]
[SourceTitle "Corr 2008"]
[Source "ChessBase"]
[SourceDate "2008.06.24"]
[SourceVersion "1"]
[SourceVersionDate "2008.06.24"]
[SourceQuality "1"]

1. e4 c5 2. Nf3 Nc6 3. d4 cxd4 4. Nxd4 Nf6 5. Nc3 e5 6. Ndb5 d6 7. Bg5 a6 8. Na3 b5 9. Bxf6 gxf6 10. Nd5 Bg7 11. c3 f5 12. Bd3 Ne7 13. Nxe7 Qxe7 14. 0-0 Bb7 15. exf5 Qg5 16. g3 0-0 17. f3 Qf6 18. Nc2 d5 19. a4 bxa4 20. Rxa4 Qb6+ 21. Kg2 a5 22. Qd2 Rfd8 23. Rg4 Qf6 24. Rh4 d4 25. cxd4 exd4 26. Rh5 Ba6 27. Ne1 Re8 28. Rf2 a4 29. Bxa6 Qxa6 30. Nd3 Rac8 1/2-1/2

[Event "IECG CM.2004.0.00256 email"]
[Site "IECG email"]
[Date "2004.09.15"]
[Round "?"]
[White "Vanhamme, Patrick J"]
[Black "Grima, Noel"]
[Result "1/2-1/2"]
[WhiteElo "2129"]
[BlackElo "2200"]
[PlyCount "42"]
[EventDate "2004.09.15"]
[EventType "tourn (corr)"]
[EventRounds "6"]
[SourceTitle "Corr 2008"]
[Source "ChessBase"]
[SourceDate "2008.06.24"]
[SourceVersion "1"]
[SourceVersionDate "2008.06.24"]
[SourceQuality "1"]

1. d4 d5 2. Nf3 Nf6 3. e3 e6 4. Bd3 c5 5. c3 Nc6 6. 0-0 Bd6 7. Nbd2 0-0 8. dxc5 Bxc5 9. e4 Qc7 10. Qe2 h6 11. Bc2 a5 12. e5 Ng4 13. Nb3 b6 14. Nxc5 bxc5 15. Qd3 f5 16. Re1 Ncxe5 17. Nxe5 Nxe5 18. Qg3 f4 19. Bxf4 Nf3+ 20. Qxf3 Qxf4 21. Qe2 Rf6 1/2-1/2

[Event "CFriend AP-2004-Q-00017 email"]
[Site "Chessfriend.com"]
[Date "2004.09.10"]
[Round "1"]
[White "Grima, Noel"]
[Black "Stephenson, Andrew"]
[Result "1-0"]
[WhiteElo "2168"]
[BlackElo "1928"]
[PlyCount "43"]
[EventDate "2004.??.??"]
[EventType "tourn (corr)"]
[EventRounds "12"]
[SourceTitle "Corr 2024"]
[Source "ChessBase"]
[SourceDate "2023.10.19"]
[SourceVersion "1"]
[SourceVersionDate "2023.10.19"]
[SourceQuality "1"]

1. f4 d5 2. Nf3 Nf6 3. e3 Bg4 4. h3 Bxf3 5. Qxf3 Nbd7 6. Nc3 c6 7. d4 e6 8. g4 Bb4 9. Bd3 c5 10. g5 cxd4 11. exd4 Ne4 12. Bxe4 dxe4 13. Qxe4 Bxc3+ 14. bxc3 Qc7 15. Rb1 Nb6 16. 0-0 0-0 17. Rb3 Rfd8 18. f5 exf5 19. Qf4 Qc6 20. Qxf5 Rd7 21. Re1 Rad8 22. Qe4 1-0

[Event "CFriend AP-2004-Q-00017 email"]
[Site "Chessfriend.com"]
[Date "2004.09.10"]
[Round "1"]
[White "Grima, Noel"]
[Black "Tudorache, Marian"]
[Result "1/2-1/2"]
[WhiteElo "2168"]
[BlackElo "2039"]
[PlyCount "31"]
[EventDate "2004.??.??"]
[EventType "tourn (corr)"]
[EventRounds "12"]
[SourceTitle "Corr 2024"]
[Source "ChessBase"]
[SourceDate "2023.10.19"]
[SourceVersion "1"]
[SourceVersionDate "2023.10.19"]
[SourceQuality "1"]

1. f4 d5 2. Nf3 c5 3. e3 Nc6 4. b3 Nf6 5. Bb5 Qb6 6. c4 Bg4 7. Nc3 e6 8. h3 Bxf3 9. Qxf3 Be7 10. Bxc6+ Qxc6 11. d3 Rd8 12. 0-0 0-0 13. Bb2 a6 14. e4 dxc4 15. dxc4 Rd2 16. Bc1 1/2-1/2

[Event "CFriend AP-2004-Q-00017 email"]
[Site "Chessfriend.com"]
[Date "2004.09.10"]
[Round "1"]
[White "Pecotic, Kuzma"]
[Black "Grima, Noel"]
[Result "1/2-1/2"]
[WhiteElo "2034"]
[BlackElo "2168"]
[PlyCount "46"]
[EventDate "2004.??.??"]
[EventType "tourn (corr)"]
[EventRounds "12"]
[SourceTitle "Corr 2024"]
[Source "ChessBase"]
[SourceDate "2023.10.19"]
[SourceVersion "1"]
[SourceVersionDate "2023.10.19"]
[SourceQuality "1"]

1. d4 f5 2. g3 Nf6 3. Bg2 e6 4. c4 d5 5. Nd2 c6 6. Nh3 Bd6 7. 0-0 0-0 8. Qc2 b6 9. Nf3 Ne4 10. Bf4 Bb7 11. Rac1 Nd7 12. Bxd6 Nxd6 13. Nf4 Qe7 14. cxd5 exd5 15. Nd3 c5 16. Nxc5 Rac8 17. b4 bxc5 18. dxc5 Nc4 19. e3 a5 20. Nd4 Qf7 21. a3 Nde5 22. Ra1 Kh8 23. Rfd1 Ng4 1/2-1/2